000 01245cam a22003497a 4500
003 CHAP
005 20220329133141.0
008 971013s1990 r 00010 d
010 _a2742
011 _a3714
035 _a2915
040 _cCHAP
090 _aTesis
100 0 0 _aRivera Porras, Víctor Hugo.
_997723
245 0 _aUso de soluciones conservadoras en inflorescencias de agapando (Agapanthus orientalis Leigh)almacenadas a 4o. C y con una humedad relativa de 95%
260 _aChapingo, Méx. :
_bEl autor,
_c1990
300 _a76 h
502 _aTesis (Ing. Agr. Esp. en Fitotecnia) -- UACH. Departamento de Fitotecnia
590 _aALEPH
_b10
_c20130110
_lUCH01
_h1213
590 _aBATCH-UPD
_b10
_c20130110
_lUCH01
_h0143
590 _aBATCH-UPD
_b10
_c20130110
_lUCH01
_h2146
590 _aBATCH-UPD
_b10
_c20130409
_lUCH01
_h2141
590 _aBATCH-UPD
_b10
_c20130410
_lUCH01
_h1454
590 _aBATCH-UPD
_b10
_c20130914
_lUCH01
_h1419
590 _aCONVERSION
_b10
_c20130109
_lUCH01
_h1303
650 1 4 _aFlores
_xInflorescencia.
_941384
650 1 4 _aFlores
_xPreservación.
_941402
901 _aBK
942 _cFOLL
949 _bBC
_cTES
_d-12423
_eTS1
_h24667
_i2915
_si
949 _bBC
_cTES
_d-73819
_eTS2
_fc.2
_h24674
_i2915
_si
999 _c2742
_d2742